Statistics for Total Drama All-Stars Character Quiz

Click here to take the quiz!

General Stats

  • This quiz has been taken 128 times
  • The average score is 13 of 14

Answer Stats

ContestantPlacement% Correct
Lightning13th Place
98%
Lindsay14th Place
98%
Mike2nd / 1st Place
98%
Zoey2nd / 1st Place
98%
Gwen4th Place
96%
Scott3rd Place
96%
Heather10th Place
95%
Jo12th Place
95%
Alejandro6th Place
93%
Cameron7th Place
93%
Courtney5th Place
93%
Duncan8th Place
93%
Sam11th Place
88%
Sierra9th Place
85%

Score Distribution

Percentile by Number Answered

Percent of People with Each Score

Your Score History

You have not taken this quiz